000 00355nam a22001337a 4500
008 250310b |||||||| |||| 00| 0 eng d
020 _a9781760525422
050 _aHQ1413
_b.S67
100 _aSteinem Gloria
245 _aThe Truth will Set you Free,But First Piss you off
260 _aNew York
_bMurdock Books
_c2019
300 _axxiii,161p
942 _cBK
999 _c2188
_d2188